[Event "Biel HTO 56th"]
[Site "Biel"]
[Date "2023.07.27"]
[Round "10"]
[White "Gemelli, Romain"]
[Black "Erne, Raphael"]
[Result "1/2-1/2"]
[WhiteElo "2122"]
[BlackElo "2077"]
[PlyCount "85"]
[EventDate "2023.07.17"]
[EventType "swiss"]
[EventRounds "10"]
[EventCountry "SUI"]
[SourceTitle "CBM 215 Extra"]
[Source "ChessBase"]
[SourceDate "2023.09.30"]
[SourceVersion "1"]
[SourceVersionDate "2023.09.30"]
[SourceQuality "1"]

1. d4 d5 2. c4 c6 3. Nc3 Nf6 4. Nf3 dxc4 5. a4 Bf5 6. Ne5 Nbd7 7. Nxc4 Nb6 8. Ne5 a5 9. f3 Nfd7 10. Nxd7 Bxd7 11. e4 e5 12. Be3 Bd6 13. Qb3 Nc8 14. Rd1 exd4 15. Bxd4 Qh4+ 16. g3 Qh6 17. Bg2 Rb8 18. 0-0 Be6 19. Qc2 0-0 20. f4 Bg4 21. Rde1 Re8 22. e5 Bb4 23. f5 Ne7 24. f6 Nd5 25. fxg7 Rbd8 26. Bxd5 cxd5 27. Rf6 Qxg7 28. Ref1 Bxc3 29. bxc3 Be6 30. Qf2 Rc8 31. Qb2 Qf8 32. Qb5 Ra8 33. h4 Qg7 34. R1f3 Rec8 35. h5 Qg5 36. h6 Qc1+ 37. Kh2 Qd2+ 38. Rf2 Qg5 39. Kg2 Qh5 40. Qb1 Qg4 41. R2f3 b6 42. Qb5 Rc4 43. Kf2 1/2-1/2

[Event "Biel HTO 56th"]
[Site "Biel"]
[Date "2023.07.25"]
[Round "8"]
[White "Giacomini, Hector"]
[Black "Erne, Raphael"]
[Result "1/2-1/2"]
[WhiteElo "2126"]
[BlackElo "2077"]
[PlyCount "52"]
[EventDate "2023.07.17"]
[EventType "swiss"]
[EventRounds "10"]
[EventCountry "SUI"]
[SourceTitle "CBM 215 Extra"]
[Source "ChessBase"]
[SourceDate "2023.09.30"]
[SourceVersion "1"]
[SourceVersionDate "2023.09.30"]
[SourceQuality "1"]

1. Nf3 Nf6 2. e3 d5 3. d4 Bg4 4. Nbd2 e6 5. c4 c6 6. Bd3 Bd6 7. Qc2 Nbd7 8. 0-0 0-0 9. b3 Bxf3 10. Nxf3 dxc4 11. Bxc4 e5 12. dxe5 Nxe5 13. Be2 Nfg4 14. g3 Nxf3+ 15. Bxf3 Be5 16. Bb2 Bxb2 17. Qxb2 Qf6 18. Qxf6 Nxf6 19. Rfd1 Rfd8 20. Kf1 Kf8 21. Ke2 Ke7 22. Bg2 Rxd1 23. Rxd1 Rd8 24. Rxd8 Kxd8 25. f4 Ke7 26. Kd3 Ne8 1/2-1/2

[Event "Biel HTO 56th"]
[Site "Biel"]
[Date "2023.07.19"]
[Round "3"]
[White "Eidelman, Gabriel"]
[Black "Erne, Raphael"]
[Result "1-0"]
[WhiteElo "2204"]
[BlackElo "2077"]
[PlyCount "68"]
[EventDate "2023.07.17"]
[EventType "swiss"]
[EventRounds "10"]
[EventCountry "SUI"]
[SourceTitle "CBM 215 Extra"]
[Source "ChessBase"]
[SourceDate "2023.09.30"]
[SourceVersion "1"]
[SourceVersionDate "2023.09.30"]
[SourceQuality "1"]

1. d4 d5 2. c4 c6 3. Nf3 Nf6 4. e3 e6 5. b3 Nbd7 6. Bd3 Bd6 7. Bb2 0-0 8. 0-0 b6 9. Nbd2 Qc7 10. Rc1 Bb7 11. cxd5 exd5 12. Qe2 Rfe8 13. Ba6 Rac8 14. Bxb7 Qxb7 15. Rfd1 Ne4 16. Nh4 Qc7 17. Ndf3 g6 18. Rc2 Qd8 19. Rdc1 Qf6 20. g3 Bb8 21. Ng2 g5 22. Nfe1 Qe6 23. Nd3 Nef6 24. Nb4 c5 25. dxc5 Nxc5 26. Na6 Nxa6 27. Qxa6 Rxc2 28. Rxc2 Ne4 29. Qd3 Be5 30. Bxe5 Qxe5 31. Qd4 Qf5 32. Ne1 g4 33. Qd1 Ng5 34. Qd3 Nf3+ 1-0

[Event "Wch FIDE Online U14 Europe qual"]
[Site "Tornelo INT"]
[Date "2020.12.08"]
[Round "4"]
[White "Bazyrtsyrenov, Kirill"]
[Black "Erne, Raphael"]
[Result "1-0"]
[WhiteElo "2033"]
[BlackElo "1775"]
[PlyCount "71"]
[EventDate "2020.12.07"]
[EventType "swiss (rapid)"]
[EventRounds "7"]
[EventCountry "ISS"]
[SourceTitle "EXT 2022"]
[Source "ChessBase"]
[SourceDate "2021.10.06"]
[SourceVersion "1"]
[SourceVersionDate "2021.10.06"]
[SourceQuality "1"]

1. e4 c6 2. d4 d5 3. Nc3 dxe4 4. Nxe4 Bf5 5. Ng3 Bg6 6. h4 h6 7. Nh3 Nf6 8. Nf4 Bh7 9. Be3 e6 10. c3 Bd6 11. Ngh5 Rg8 12. Bd3 Bxd3 13. Qxd3 Nbd7 14. 0-0-0 Qc7 15. Nxe6 fxe6 16. Qg6+ Ke7 17. Nxg7 Nf8 18. Qxh6 N8d7 19. Rhe1 Kf7 20. Bd2 Rxg7 21. Rxe6 Rg6 22. Qe3 Nd5 23. Qf3+ Kxe6 24. Re1+ Ne5 25. dxe5 Bc5 26. Qh3+ Ke7 27. f4 Rag8 28. f5 Rg3 29. f6+ Kf7 30. Qf5 Be3 31. Bxe3 Rxe3 32. Rxe3 Nxe3 33. Qh7+ Ke6 34. Qxc7 Rxg2 35. Qd6+ Kf5 36. Qd3+ 1-0

[Event "Wch FIDE Online U14 Europe qual"]
[Site "Tornelo INT"]
[Date "2020.12.08"]
[Round "5"]
[White "Brozynski, Patryk"]
[Black "Erne, Raphael"]
[Result "1/2-1/2"]
[WhiteElo "1584"]
[BlackElo "1775"]
[PlyCount "152"]
[EventDate "2020.12.07"]
[EventType "swiss (rapid)"]
[EventRounds "7"]
[EventCountry "ISS"]
[SourceTitle "EXT 2022"]
[Source "ChessBase"]
[SourceDate "2021.10.06"]
[SourceVersion "1"]
[SourceVersionDate "2021.10.06"]
[SourceQuality "1"]

1. e4 c6 2. Nf3 d5 3. Nc3 dxe4 4. Nxe4 Nf6 5. Qe2 Nxe4 6. Qxe4 Nd7 7. d4 Nf6 8. Qd3 g6 9. Bf4 Bf5 10. Qb3 Qb6 11. Qxb6 axb6 12. c3 Bg7 13. Be5 0-0 14. Bc4 Ne4 15. 0-0 Bg4 16. Bxg7 Kxg7 17. Ne5 Bf5 18. Rfe1 Ra5 19. Bd3 Nd6 20. Bxf5 Nxf5 21. a3 e6 22. Nd7 Rd8 23. Nxb6 Nd6 24. a4 Nc8 25. Nxc8 Rxc8 26. f3 Rca8 27. b3 b5 28. Re5 Kf6 29. Kf2 Ke7 30. Ke3 Kd6 31. Kd3 f6 32. Rc5 R8a6 33. axb5 Rxa1 34. bxa6 Rxa6 35. g4 e5 36. Rc4 Kd5 37. dxe5 Kxe5 38. Re4+ Kd6 39. Ra4 Rb6 40. b4 Rb5 41. Ra2 Rd5+ 42. Ke3 Re5+ 43. Kf2 Kd5 44. Rd2+ Kc4 45. Rd1 Kxc3 46. Rc1+ Kxb4 47. Rxc6 f5 48. gxf5 Rxf5 49. Rc7 h5 50. Kg3 Kb5 51. Kg2 Kb6 52. Rc3 Rg5+ 53. Kf2 Rf5 54. Kg3 Rg5+ 55. Kf2 Rf5 56. Rc2 Kb5 57. Kg3 Rg5+ 58. Kh4 Rf5 59. Kg3 Rg5+ 60. Kf2 Rf5 61. h4 Rf6 62. Kg3 Kb4 63. Rc8 Kb5 64. Kg2 Kb4 65. Kf2 Kb5 66. Kg3 Kb4 67. Rc1 Kb3 68. Kg2 Kb2 69. Rc5 Kb3 70. Kg3 Kb4 71. Rc8 Kb5 72. Kf2 Kb4 73. Kg2 Kb3 74. Kg3 Kb4 75. Kf2 Rf4 76. Kg3 Rf6 1/2-1/2